| 000 | 00596nam a2200193Ia 4500 | ||
|---|---|---|---|
| 003 | GCL | ||
| 008 | 140319s9999 xx 000 0 ara d | ||
| 040 |
_aGCL / _cGCL |
||
| 082 | 0 | 4 |
_a254.1 _bع خ |
| 100 | 1 | _aعبدالناصر توفيق العطار | |
| 245 | 1 | 0 |
_aخطبة النساء فى الشريعة الاسلامية / _cعبدالناصر توفيق العطار |
| 260 |
_a[S.N] : _bمؤسسة البستانى للطباعة ، _c1987 |
||
| 300 | _a127 ص | ||
| 490 | _a | ||
| 650 | 0 | 4 | _aالاسلام |
| 650 | 0 | 4 | _aالزواج |
| 650 | 0 | 4 | _aالخطبة |
| 942 |
_2ddc _cBK |
||
| 999 |
_c31914 _d31914 |
||